Polskie miasto na T - Statystyki

Ogólne statystyki
  • Ten quiz został rozwiązany 61 razy
  • Średni wynik to 6 z 10
Statystyki odpowiedzi
Odpowiedź % Poprawnych
Tarnów
94%
Toruń
88%
Tarnobrzeg
83%
Tychy
62%
Tarnowskie Góry
50%
Tczew
50%
Tomaszów Mazowiecki
50%
Tomaszów Lubelski
38%
Trzebinia
25%
Turek
17%
Nie znaleziono quizów pasujących do podanych kryteriów
Rozkład punktacji
Procent ludzi z każdym wynikiem
Percentyl według liczby udzielonych odpowiedzi
Twoja historia wyników
Nie rozwiązałeś tego quizu